Rayos X y cuerpos radiactivos / (Record no. 88718)

MARC details
000 -LEADER
campo de control de longitud fija 00797nam a2200229 i 4500
001 - NÚMERO DE CONTROL
campo de control 88718
003 - IDENTIFICADOR DE NÚMERO DE CONTROL
campo de control ES-MaACL
005 - FECHA Y HORA DE LA ÚLTIMA TRANSACCIÓN
campo de control 20260217063012.0
007 - CAMPO FIJO DE DESCRIPCIÓN FÍSICA--INFORMACIÓN GENERAL
campo de control de longitud fija t|
008 - DATOS DE LONGITUD FIJA--INFORMACIÓN GENERAL
campo de control de longitud fija 050105s1926 sp ||||1| spa d
100 1# - ENTRADA PRINCIPAL--NOMBRE DE PERSONA
Nombre de persona Laquerrière, Albert,
Fechas asociadas al nombre 1874-1945
9 (RLIN) 70195
245 10 - MENCIÓN DEL TÍTULO
Título Rayos X y cuerpos radiactivos /
Mención de responsabilidad, etc. por A. Laquerriere ; traducción de los doctores, Antonio Piga... y Joaquín J. Freixinet.
260 ## - PUBLICACIÓN, DISTRIBUCIÓN, ETC.
Lugar de publicación, distribución, etc. Madrid :
Nombre del editor, distribuidor, etc. [s.n.,
Fecha de publicación, distribución, etc. 1926] (
Fabricante Imp. Cervantina)
300 ## - DESCRIPCIÓN FÍSICA
Extensión X, 165 p. :
Otras características físicas il. ;
Dimensiones 17 cm.
490 1# - MENCIÓN DE SERIE
Mención de serie Colección A. Cantonnet
650 #7 - PUNTO DE ACCESO ADICIONAL DE MATERIA--TÉRMINO DE MATERIA
Término de materia o nombre geográfico como elemento de entrada Radiología
Fuente del encabezamiento o término embne
9 (RLIN) 140316
700 0# - ENTRADA AGREGADA--NOMBRE PERSONAL
Nombre de persona Piga y Pascual, Antonio.
9 (RLIN) 91988
700 1# - ENTRADA AGREGADA--NOMBRE PERSONAL
Nombre de persona Freixinet, J.
9 (RLIN) 52492
830 0# - PUNTO DE ACCESO ADICIONAL DE SERIE-TÍTULO UNIFORME
Título uniforme Colección A. Cantonnet
9 (RLIN) 186449
852 ## - LOCALIZACIÓN
Ubicación ES-MaACL
Número de control de estantería B-9758
Sublocalización o colección R.18497
Holdings
Estatus retirado Estado de pérdida Estado de daño No para préstamo Biblioteca de origen Biblioteca actual Ubicación en estantería Fecha de adquisición Fuente de adquisición Total de préstamos Signatura topográfica completa Código de barras Visto por última vez Precio de reemplazo Tipo de ítem Koha
        Biblioteca del Ateneo de Madrid Biblioteca del Ateneo de Madrid Sala Pardo Bazán 17/01/2008     B-9758 1092667 23/02/2023 23/02/2023 Libro impreso